Historia de la Orden de San Jerónimo. Por Fr. José de Sigüenza. Publicada con un Elogio de Fr. José de Sigüenza por D. Juan Catalina García, de la Real Academia de Historia
Saved in:
| Hovedforfatter: | |
|---|---|
| Format: | Bog |
| Sprog: | spansk |
| Udgivet: |
Madrid
Bailly Baillière
1907
|
| Udgivelse: | 2a. ed |
| Serier: | Nueva Biblioteca de Autores Españoles, VIII, XII
|
| Fag: | |
| Tags: |
Tilføj Tag
Ingen Tags, Vær først til at tagge denne postø!
|
MARC
| LEADER | 00000nam a2200000 a 4500 | ||
|---|---|---|---|
| 001 | UCJ7138 | ||
| 003 | CL-VaPUC | ||
| 008 | 070124e19070000SP |||||||||||||||||spa|d | ||
| 082 | 0 | 4 | |a 860 |b SIG |2 21 |
| 100 | 0 | |a Sigüenza, José de |e author |9 515191 | |
| 245 | 1 | 0 | |a Historia de la Orden de San Jerónimo. Por Fr. José de Sigüenza. Publicada con un Elogio de Fr. José de Sigüenza por D. Juan Catalina García, de la Real Academia de Historia |
| 250 | |a 2a. ed | ||
| 300 | |a 2 v | ||
| 942 | |c BK | ||
| 945 | |d 20070124 00:00:00 |a rinostro | ||
| 260 | |a Madrid |b Bailly Baillière |c 1907 | ||
| 500 | |a 8§, pasta española | ||
| 600 | 0 | 7 | |a GARCIA, JUAN CATALINA |2 CL-VaPUC |9 515192 |
| 650 | 0 | |a Órdenes religiosas |9 257499 | |
| 650 | 7 | |a BIOGRAFIA |2 CL-VaPUC |9 504622 | |
| 583 | |a last modification |c 20070124 00:00:00 |k Rodrigo Vera | ||
| 490 | 0 | |a Nueva Biblioteca de Autores Españoles, VIII, XII | |
| 999 | |c 323238 |d 323236 | ||
| 952 | |0 0 |1 0 |4 0 |6 860_000000000000000_SIG_1907 |7 0 |8 X |9 402660 |a FDOBUD |b FDOBUD |d 2019-11-22 |h v.1 |i 1059122 |o 860 SIG 1907 |p 1059122 |r 2019-11-22 |w 2019-11-22 |y BK_X |k BUD | ||
| 952 | |0 0 |1 0 |4 0 |6 860_000000000000000_SIG_1907 |7 0 |8 X |9 402661 |a FDOBUD |b FDOBUD |d 2019-11-22 |h v.2 |i 1059165 |o 860 SIG 1907 |p 1059165 |r 2019-11-22 |w 2019-11-22 |y BK_X |k BUD | ||